| 000 | 00547nam a2200145Ia 4500 | ||
|---|---|---|---|
| 008 | 180921t xxu||||| ||||o00| 0 eng d | ||
| 041 | _aeng | ||
| 080 | _aThe Ordinances Of Ceylon 1945 | ||
| 245 | _aordinance No.5 of 1945. L.D.-O. 50/43. An ordinance To Amend The Defence Force ordinance.[ Assented To By His Majesty The King : See Proclamation Dated April 5,1945,Published In Government Gazette No.9,391 of April 6,1945.] | ||
| 300 | _a23 cm | ||
| 650 | _aDefence Force | ||
| 942 | _cBK | ||
| 999 |
_c50285 _d50285 |
||
| 003 | LK-CoDNM | ||
| 040 |
_aLK-CoDNM _dLK-CoDNM _eLK-CoDNM |
||